000 00873nam a2200229 4500
001 173024
003 ES-MaACL
005 20230906215117.0
008 091006s1862 sp |||| | spa d
080 _a625.711(460)"18"(036)
080 _a914.60"18"(036)
100 1 _aMellado, Francisco de Paula.
_9129810
245 1 0 _aGuía del viagero en España /
_cpor Francisco de P. Mellado.
250 _a8ª ed.
260 _aMadrid :
_bMellado,
_c1862 (
_fEst. Tip. de Francisco de P. Mellado)
300 _a[2], 536, [33], 18 p. :
_b1 mapa pleg. ;
_c16 cm.
500 _aÍndice.
599 _a"Mapa itinerario, físico, político y de caminos de España y de Portugal"
651 4 _aEspaña-
_xDescripción-
_yS.XIX.
_98185
651 4 _aEspaña-
_vGuías turísticas-
_yS.XIX.
_98207
852 4 _aES-MaACL
_jE-13034
_9R.138189 . -
_zBiblioteca Jacinto Martínez Lacalle
999 _c173024
_d173024